00240 2200109 4500245003700000250001100037100001900048650001600067005001900083041001400102084001400116 aBAHASA DAN KESENIAN BETAWIhText aCet. 1 aNabila Aprilia aKarya Siswa a20250424090756 aIndonesia a081 NAB b